MARC details
| 000 -CABECERA |
| campo de control de longitud fija |
03334nam a2200517Ia 4500 |
| 001 - NÚMERO DE CONTROL |
| campo de control |
dia_5802 |
| 003 - IDENTIFICADOR DEL NÚMERO DE CONTROL |
| campo de control |
CHAP |
| 005 - FECHA Y HORA DE LA ÚLTIMA TRANSACCIÓN |
| campo de control |
20250730131648.0 |
| 007 - CAMPO FIJO DE DESCRIPCIÓN FÍSICA--INFORMACIÓN GENERAL |
| campo de control de longitud fija |
ta |
| 008 - DATOS DE LONGITUD FIJA--INFORMACIÓN GENERAL |
| campo de control de longitud fija |
220117s2014 mx bceof 001 0 spa d |
| 040 ## - FUENTE DE LA CATALOGACIÓN |
| Centro catalogador/agencia de origen |
mxchpua |
| Centro/agencia transcriptor |
CHAP |
| 090 ## - LOCALMENTE ASIGNADO TIPO-LC NÚMERO DE CLASIFICACIÓN (OCLC); NÚMERO DE CLASIFICACIÓN LOCAL (RLIN) |
| Número de clasificación (OCLC) (R) ; Numero de clasificación, CALL (RLIN) (NR) |
T.C.652 |
| Número cutter local (OCLC) ; Número de libro/Signatura topográfica íntegra, CALL (RLIN) |
E87 EIUPA |
| Año |
2014 |
| 245 10 - MENCIÓN DE TÍTULO |
| Título |
Vinícola Torres Alegre y Familia, S. A. de C. V. / |
| Mención de responsabilidad, etc. |
coordinadores Teodoro Espinosa Solares y Víctor Rivera Salvador ; colaboradores Sheila Ivonne Baños Serrano...[y otros] |
| 260 ## - PUBLICACIÓN, DISTRIBUCIÓN, ETC. |
| Lugar de publicación, distribución, etc. |
México : |
| Nombre del editor, distribuidor, etc. |
El autor, |
| Fecha de publicación, distribución, etc. |
2014 |
| 300 ## - DESCRIPCIÓN FÍSICA |
| Extensión |
88 hojas : |
| Otras características físicas |
ilustraciones, tablas, diagramas, gráficas, mapas, planos, fotos |
| 336 ## - TIPO DE CONTENIDO |
| Fuente |
rdacontent |
| Término de tipo de contenido |
texto |
| Código de tipo de contenido |
txt |
| 337 ## - TIPO DE MEDIO |
| Fuente |
rdamedia |
| Nombre/término del tipo de medio |
no mediado |
| Código del tipo de medio |
n |
| 338 ## - TIPO DE SOPORTE |
| Fuente |
rdacarrier |
| Nombre/término del tipo de soporte |
volumen |
| Código del tipo de soporte |
nc |
| 500 ## - NOTA GENERAL |
| Nota general |
Grado: 7°año Grupo: 02 |
| 502 ## - NOTA DE TESIS |
| Nota de tesis |
Viaje de estudios |
| Tipo de título |
(EIUPA) -- |
| Nombre de la institución que otorga el título |
UACh. Departamento de Ingeniería Agroindustrial, |
| Año de obtención del título |
2014 |
| 504 ## - NOTA DE BIBLIOGRAFÍA, ETC. |
| Nota de bibliografía, etc. |
Bibliografía: hojas 64-65 |
| 505 00 - NOTA DE CONTENIDO CON FORMATO |
| Nota de contenido con formato |
Contiene 7 planos: --<br/>1.Distribución de áreas planta alta (Esc. 1:100) --<br/>2. Distribución de áreas planta baja (Esc. 1:100) --<br/>3. Diagrama de flujo de vino tinto en tanque --<br/>4. Diagrama de flujo de vino blanco en barrica --<br/>5. Diagrama de flujo de vino blanco en barrica (2) --<br/>6. Diagrama de flujo de vino blanco en tanque --<br/>7. Diagrama de tubería e instrumentación (DTI) tanque fermentador |
| 650 10 - PUNTO DE ACCESO ADICIONAL DE MATERIA--TÉRMINO DE MATERIA |
| Término de materia o nombre geográfico como elemento de entrada |
Industria del vino |
| Subdivisión geográfica |
México |
| -- |
Baja California Norte |
| 9 (RLIN) |
154153 |
| 650 13 - PUNTO DE ACCESO ADICIONAL DE MATERIA--TÉRMINO DE MATERIA |
| Término de materia o nombre geográfico como elemento de entrada |
Vinificación |
| 9 (RLIN) |
151244 |
| 650 10 - PUNTO DE ACCESO ADICIONAL DE MATERIA--TÉRMINO DE MATERIA |
| Término de materia o nombre geográfico como elemento de entrada |
Wine industry |
| Subdivisión geográfica |
Mexico |
| -- |
Baja California Norte |
| 9 (RLIN) |
154154 |
| 650 13 - PUNTO DE ACCESO ADICIONAL DE MATERIA--TÉRMINO DE MATERIA |
| Término de materia o nombre geográfico como elemento de entrada |
Winemaking |
| 9 (RLIN) |
151246 |
| 700 1# - PUNTO DE ACCESO ADICIONAL--NOMBRE DE PERSONA |
| Nombre de persona |
Espinosa Solares, Teodoro |
| 9 (RLIN) |
153069 |
| Término indicativo de función/relación |
coordinador |
| 700 1# - PUNTO DE ACCESO ADICIONAL--NOMBRE DE PERSONA |
| Nombre de persona |
Rivera Salvador, Víctor |
| 9 (RLIN) |
152488 |
| Término indicativo de función/relación |
coordinador |
| 700 1# - PUNTO DE ACCESO ADICIONAL--NOMBRE DE PERSONA |
| Nombre de persona |
Baños Serrano, Sheila Ivonne |
| 9 (RLIN) |
129911 |
| Término indicativo de función/relación |
colaboradora |
| 856 42 - LOCALIZACIÓN Y ACCESO ELECTRÓNICOS |
| Identificador Uniforme del Recurso |
<a href="http://10.13.5.2/ve/TC652EIUPA/TC652EIUPA2014-REPORTE.pdf">http://10.13.5.2/ve/TC652EIUPA/TC652EIUPA2014-REPORTE.pdf</a> |
| Texto de enlace |
DESCARGAR REPORTE |
| 856 42 - LOCALIZACIÓN Y ACCESO ELECTRÓNICOS |
| Identificador Uniforme del Recurso |
<a href="http://10.13.5.2/ve/TC652EIUPA/TC652EIUPA2014-PLANO-DIAGRAMADEFLUJOVINOBLANCOTANQUETAB1FINAL.pdf">http://10.13.5.2/ve/TC652EIUPA/TC652EIUPA2014-PLANO-DIAGRAMADEFLUJOVINOBLANCOTANQUETAB1FINAL.pdf</a> |
| Texto de enlace |
DESCARGAR PLANO DE FLUJO DE VINO DE TANQUE |
| 856 42 - LOCALIZACIÓN Y ACCESO ELECTRÓNICOS |
| Identificador Uniforme del Recurso |
<a href="http://10.13.5.2/ve/TC652EIUPA/TC652EIUPA2014-PLANO-DIAGRAMADEFLUJOVINOTINTOTANQUEB1FINAL.pdf">http://10.13.5.2/ve/TC652EIUPA/TC652EIUPA2014-PLANO-DIAGRAMADEFLUJOVINOTINTOTANQUEB1FINAL.pdf</a> |
| Texto de enlace |
DESCARGAR PLANO DE DIAGRAMA DE FLUJO VINO TINTO TANQUE |
| 856 42 - LOCALIZACIÓN Y ACCESO ELECTRÓNICOS |
| Identificador Uniforme del Recurso |
<a href="http://10.13.5.2/ve/TC652EIUPA/TC652EIUPA2014-PLANO-DIAGRAMADEFLUJOVINOBLANCO.pdf">http://10.13.5.2/ve/TC652EIUPA/TC652EIUPA2014-PLANO-DIAGRAMADEFLUJOVINOBLANCO.pdf</a> |
| Texto de enlace |
DESCARGAR PLANO DE DIAGRAMA DE FLUJO DE VINO BLANCO |
| 856 42 - LOCALIZACIÓN Y ACCESO ELECTRÓNICOS |
| Identificador Uniforme del Recurso |
<a href="http://10.13.5.2/ve/TC652EIUPA/TC652EIUPA2014-PLANO-DTITANQUEFERMENTADORFINAL.pdf">http://10.13.5.2/ve/TC652EIUPA/TC652EIUPA2014-PLANO-DTITANQUEFERMENTADORFINAL.pdf</a> |
| Texto de enlace |
DESCARGAR PLANO DTI TANQUE DE FERMENTADO |
| 856 42 - LOCALIZACIÓN Y ACCESO ELECTRÓNICOS |
| Identificador Uniforme del Recurso |
<a href="http://10.13.5.2/ve/TC652EIUPA/TC652EIUPA2014-PLANO-DIAGRAMADEFLUJOVINOTINTOTAB1FINAL.pdf">http://10.13.5.2/ve/TC652EIUPA/TC652EIUPA2014-PLANO-DIAGRAMADEFLUJOVINOTINTOTAB1FINAL.pdf</a> |
| Texto de enlace |
DESCARGAR PLANO DE DIAGRAMA DE FLUJO DE VINO TINTO |
| 856 42 - LOCALIZACIÓN Y ACCESO ELECTRÓNICOS |
| Identificador Uniforme del Recurso |
<a href="http://10.13.5.2/ve/TC652EIUPA/TC652EIUPA2014-PLANOS-DISTRIBUCIONDEAREASPLANTAALTA.pdf">http://10.13.5.2/ve/TC652EIUPA/TC652EIUPA2014-PLANOS-DISTRIBUCIONDEAREASPLANTAALTA.pdf</a> |
| Texto de enlace |
DESCARGAR PLANO DE DISTRIBUCIÓN DE ÁREAS PLANTA ALTA |
| 856 42 - LOCALIZACIÓN Y ACCESO ELECTRÓNICOS |
| Identificador Uniforme del Recurso |
<a href="http://10.13.5.2/ve/TC652EIUPA/TC652EIUPA2014-PLANO-DISTRIBUCIONDEAREASPLANTABAJA.pdf">http://10.13.5.2/ve/TC652EIUPA/TC652EIUPA2014-PLANO-DISTRIBUCIONDEAREASPLANTABAJA.pdf</a> |
| Texto de enlace |
DESCARGAR PLANO DE ÁREAS PLANTA BAJA |
| 856 42 - LOCALIZACIÓN Y ACCESO ELECTRÓNICOS |
| Identificador Uniforme del Recurso |
<a href="http://10.13.5.2/ve/TC652EIUPA/TC652EIUPA2014-PLANO-PLANTABAJAFINAL.pdf">http://10.13.5.2/ve/TC652EIUPA/TC652EIUPA2014-PLANO-PLANTABAJAFINAL.pdf</a> |
| Texto de enlace |
DESCARGAR PLANO PLANTA BAJA |
| 856 42 - LOCALIZACIÓN Y ACCESO ELECTRÓNICOS |
| Identificador Uniforme del Recurso |
<a href="http://10.13.5.2/ve/TC652EIUPA/TC652EIUPA2014-PLANO-PLANTAALTAFINAL.pdf">http://10.13.5.2/ve/TC652EIUPA/TC652EIUPA2014-PLANO-PLANTAALTAFINAL.pdf</a> |
| Texto de enlace |
DESCARGAR PLANO PLANTA ALTA |
| 942 ## - ELEMENTOS DE PUNTO DE ACCESO ADICIONAL (KOHA) |
| Fuente del sistema de clasificación o colocación |
Clasificación Universidad Autónoma de Chapingo |
| 901 ## - ELEMENTOS DE DATOS A LOCAL LDA (RLIN) |
| a |
T.C.652 E87 EIUPA 2014 |
| 902 ## - ELEMENTOS DE DATOS B LOCAL, LDB (RLIN) |
| a |
M |
| 905 ## - ELEMENTOS DE DATOS E LOCAL, LDE (RLIN) |
| a |
5232272014 mx aeml8223223322spa16 |
| 942 ## - ELEMENTOS DE PUNTO DE ACCESO ADICIONAL (KOHA) |
| Tipo de ítem Koha |
Viaje de Estudios |